000
00213 a2200097 4500
001
47226
100
_a
Saunders, C
245
_a
Royal Air Force
260
_a
London
_b
Her Majesty's Stat
_c
090
_c
30275
_d
30275
942
_a
NUST-CAE
_c
M
_c
22531
999
_c
282299
_d
282299